000 00561nam a22002177a 4500
003 ACsjakarta
005 20151202153042.0
008 130307t xxu||||| |||| 00| 0 eng d
020 _a0741421410
050 _aQA 43
_b.W637 2006
082 _aIB 510
_bW63 2006
100 _aWicks, Alan
245 _aMathematics standard level for the international baccalaureate
_cAlan Wicks.
250 _a2nd ed.
260 _bInfinity Publishing
_c2004
300 _c27.6 cm.
_a297 p. ;
562 _e2
942 _2lcc
_cBK
999 _c2148
_d2148